000
00231nam a2200097Ia 4500
005
20251222154426.0
008
251222s9999||||xx |||||||||||||| ||spa||
082
_a
REF.985.008/C76/T.XXIII/V.III
245
0
_a
Periódicos
942
_c
LIB
999
_c
36209
_d
36209